000 00282nam a22001337a 4500
008 171124b xxu||||| |||| 00| 0 eng d
020 _a0132918072
041 _aeng
080 _a004
100 _a33
101 _aSHK
245 _aFOR PROGRAMING
_cCHARLES.W
942 _2udc
_cBK
999 _c38431
_d38431